Languages of the Foreign Language Film Category With the Most Oscars - Statistics

General Stats
  • This quiz has been taken 286 times
    191 since last reset
  • The average score is 9 of 11
Answer Stats
# Country % Correct
16 French
98%
7 Spanish
98%
13 Italian
95%
6 German
93%
4 Japanese
91%
4 Russian
89%
3 Swedish
81%
3 Dutch
71%
3 Danish
65%
2 Persian
46%
2 Czech
44%
No matching quizzes found
Score Distribution
Percent of People with Each Score
Percentile by Number Answered
Your Score History
You have not taken this quiz since the last reset